000
00239nam a2200097Ia 4500
008
190216s9999||||xx |||||||||||||| ||und||
100
_a
Krishan Warrier N V
245
0
_a
Power Station Fitter Gade
260
_b
Kerala Basha Inst
942
_c
BK
999
_c
40171
_d
40171